000 00323 a2200157 4500
001 59094
020 _a8573022051
040 _cAnchieta - Pituba
100 _aVentura, Zuenir
240 1 0 _aMal secreto
_lpor
245 1 0 _aMal secreto
300 _a264
362 0 _a1998
650 4 _aFicção brasileira
942 _cBK
999 _c59094
_d59094